| 000 | 01215nam a2200301 a 4500 | ||
|---|---|---|---|
| 001 | 66105 | ||
| 003 | BD-RjUL | ||
| 005 | 20211209081512.0 | ||
| 008 | 170314s1953 pk ||||||||s|o00| 0 eng d | ||
| 020 | _c: PRs. 1.50 | ||
| 035 | _a(BD-RjUL)66235 | ||
| 040 |
_aBD-RjUL _beng _cBD-RjUL _dBD-RjUL |
||
| 041 | _aeng | ||
| 082 |
_223 _a304.609549021 _bPAC 1953 (CBN4) |
||
| 110 | 1 |
_aPakistan. _bOffice of the Census Commissioner. Ministry of Interior. _9195498 |
|
| 245 | 1 | 0 |
_aCensus of Pakistan, 1951 : _bPopulation according to economic status (tables 11 & 19-C) : Census Bulletin No. 4 / _cPakistan.Office of the Census Commissioner. Ministry of Interior ; Census Organization (Pakistan) |
| 260 |
_aKarachi: _bManager of Publications, _c1953 |
||
| 300 |
_aXI, 69 p. ; _c25 cm. |
||
| 490 |
_aCensus bulletin ; _vno. 4 |
||
| 490 |
_aCensus 51 ; _vNo. 32 C |
||
| 650 |
_aLabor supply _zPakistan _vStatistics. _y1951 _9195559 |
||
| 651 |
_aPakistan _xPopulation _vStatistics. _y1951 _9192750 |
||
| 651 |
_aPakistan _vCensus, 1951. _9195499 |
||
| 710 |
_aCensus Organization (Pakistan) _9186435 |
||
| 830 |
_aCensus bulletin ; _vno. 4 _9195612 |
||
| 830 |
_aCensus 51 ; _vNo. 32 C _9195613 |
||
| 942 |
_2ddc _cRAR |
||
| 999 |
_c66105 _d66105 |
||